| 000 | 00475nam a2200169Ia 4500 | ||
|---|---|---|---|
| 999 |
_c24298 _d24298 |
||
| 003 | OSt | ||
| 005 | 20201123143008.0 | ||
| 008 | 190216s9999||||xx |||||||||||||| ||und|| | ||
| 040 | _coclc | ||
| 082 |
_a920 _bMEN/A |
||
| 100 |
_aMenon, K P Sankara _91821 |
||
| 245 | 0 |
_aAthmakatha / _cK P S Menon |
|
| 260 |
_bIndia press, _aKottayam; _c1967. |
||
| 300 | _a448p | ||
| 650 | _aAthmakadha-Malayalam Biography | ||
| 942 |
_cBK _2ddc _h920 _iMEN/A _k920 _mMEN/A |
||